No le temas a la montaña
| Main Author: | |
|---|---|
| Format: | Section = Libro |
| Language: | Undetermined Spanish |
| Published: |
Managua
CNE
2014
|
| Subjects: |
| LEADER | 00512nam a2200205Ia 4500 | ||
|---|---|---|---|
| 008 | 241007s9999||||xx |||||||||||||| ||und|| | ||
| 020 | |a 978-99964-31-02-9 | ||
| 040 | |a BIBLIOTECA-RURC/ 972.85 V144 | ||
| 041 | |a spa | ||
| 082 | |a 972.85 V144 | ||
| 100 | 1 | |a Valderruten, Dicxon | |
| 245 | 1 | 0 | |a No le temas a la montaña |
| 260 | |a Managua |b CNE |c 2014 | ||
| 300 | |a 188 p. :il. | ||
| 650 | 7 | |a DESPLAZADOS | |
| 650 | 7 | |b MI FAMILIA | |
| 650 | 7 | |c EL PALO DE CHILAMATE. | |
| 942 | |c BK |2 ddc | ||
| 991 | |a TEXTO | ||
| 999 | |c 14597 | ||